01479nab a22002777a 4500999001500000003000400015005001700019008004100036040000700077100003500084245014300119260007300262300001300335500003600348505034200384505008100726650002300807650002600830650002400856650003900880650002900919650003500948650005100983773015401034942001301188 c6454d6454OSt20260205094934.0190429b xxu||||| |||| 00| 0 spa d cPJ 97077aMateos, Julieta Carolina13aEl derecho a la tutela efectiva de las víctimas como derecho humano fundamental en el Sistema Interamericano /cJulieta Carolina Mateos. cCiudad Autónoma de Buenos Aires :aThomson Reuters La Ley, b2024. ap. 36-42 aCita: TR LALEY AR/DOC/855/2024. aSumario: I. Las normas de comportamiento como razones para la acción.— II. El silogismo práctico.— III. Las normas silogísticamente opacas.— IV. Algunas críticas y justificaciones a la regulación de delitos de posesión.— V. Una (propia) posición legitimatoria.— VI. Hacia una democratización del derecho penal.  tSi te interesa el texto completo, solicitalo a koha@justierradelfuego.gov.ar 09343aDERECHO PENAL 09614aDERECHOS HUMANOS 09180aDEBIDO PROCESO 097076aDELITO DE ACCIÓN PÚBLICA 095972aDERECHO AL RECURSO 093637aTUTELA JUDICIAL EFECTIVA 093377aCORTE INTERAMERICANA DE DERECHOS HUMANOS0 0265893164tRevista de derecho penal y criminología. Nº 4 - Mayo 2024dCiudad Autónoma de Buenos Aires : Thomson Reuters La Ley, 2017-x00347914 2udccANA